000 01286cad a22002295a 4500
001 E153953
008 110927s2011 xxk f s000 0 eng d
020 _a978178045424
035 _a(Sirsi) u153953
041 0 _aeng
110 2 _aScotland
_bScottish Government
_95344
245 0 0 _aConsultation on proposed amendments to the marine licensing exemptions orders
_h[electronic resource]
260 _aEdinburgh
_bScottish Government
_c2011
520 _aSince the implementation of the Marine (Scotland) Act 2010 and the Marine and Coastal Access Act 2009, questions have arisen in three areas: the licensing of small scale removals such as sediment sampling; the use of chemical and oil treatment substances below the surface of the sea; and the retrieval of objects accidentally deposited on the seabed. This consultation seeks to resolve those issues. Deadline for comments is 3 November 2011.
590 _aKA
650 2 4 _aMARINE (SCOTLAND) ACT 2010
650 2 4 _aMARINE AND COASTAL ACCESS ACT 2009
651 4 _aScotland
_y1999-
690 _aPROPERTY-RURAL AND NATURAL ASSETS-MARINE RESOURCES-MARINE RESOURCE MANAGEMENT
856 4 0 _uhttps://www.scotland.gov.uk/Publications/2011/09/exemptions
_zView the consultation free of charge at www.scotland.gov.uk
942 _n0
999 _c112780
_d112780